| 000 | 00448cam a22001574a 4500 | ||
|---|---|---|---|
| 020 | _a082136085X | ||
| 040 | _cDLC | ||
| 082 | 0 | 0 | _a332 WOR 2005 C144 Or. |
| 245 | 0 | 0 |
_aAgriculture investment sourcebook : _bagriculture and rural development. |
| 260 |
_aWashington, DC : _bWorld Bank, _c2005. |
||
| 300 |
_axxiv, 508 p. ; _c28 cm. |
||
| 650 | 0 | _aAgriculture | |
| 650 | 0 | _aAgricultural development projects | |
| 710 | 2 | _aWorld Bank. | |
| 942 | _cAEDBB | ||
| 999 |
_c18407 _d18407 |
||